Plecs de prescripcions tècniques dels estudis de programació d'urbanització i d'edificació /
Descripción Física:
26 p. ; 30 cm
Colección:
Plecs (Barcelona (Catalunya : Província). Diputació)
; 4
Idioma:
Catalán
MARC
| LEADER | 00000nam a2200000Ia 4500 | ||
|---|---|---|---|
| 001 | 14925 | ||
| 003 | Arxiu | ||
| 005 | 20260324175257.0 | ||
| 008 | 160829s2002 spc xx s cat c | ||
| 040 | |a AGDB | ||
| 080 | |a FU-32-26 | ||
| 100 | 1 | |a Francisco, Marcos de |9 24548 | |
| 245 | 1 | 0 | |a Plecs de prescripcions tècniques dels estudis de programació d'urbanització i d'edificació / |c [autor: Marcos de Francisco] |
| 260 | |a [Barcelona] : |b Diputació de Barcelona, Xarxa de Municipis, Àrea de Cooperació, |c 2002 | ||
| 300 | |a 26 p. ; |c 30 cm | ||
| 490 | 1 | |a Plecs / Diputació de Barcelona ; |v 4 | |
| 650 | |a Construcció |x Projectes |9 24549 | ||
| 650 | 0 | |a Urbanisme |v Projectes |9 5315 | |
| 710 | 1 | |a Barcelona (Catalunya : Província). |b Àrea de Cooperació |9 54368 | |
| 830 | 0 | |9 55980 |a Plecs (Barcelona (Catalunya : Província). Diputació) |v 4 | |
| 901 | |a Arxiu | ||
| 942 | |n 1 |2 udc |c ARXIU | ||
| 952 | |0 0 |1 0 |4 0 |6 FU3226 |7 1 |9 43205 |a Arxiu |b Arxiu |d 2016-12-01 |l 0 |o FU-32-26 |p 14925 |r 2016-12-01 00:00:00 |w 2016-12-01 |y ARXIU | ||
| 999 | |c 45749 |d 45749 | ||